| 000 | 00393nam a2200169Ia 4500 | ||
|---|---|---|---|
| 100 | _aJoshi/Mohan C/ M.M.Kannan | ||
| 650 | _aOptimization | ||
| 942 | _cBK | ||
| 366 | _f20 | ||
| 654 | _aoptimization | ||
| 245 | _aOptimization:Theory and practice | ||
| 260 |
_bNarosa Publication House _c2004 |
||
| 082 |
_a658.4033 _bJOS |
||
| 300 | _a325 | ||
| 546 |
_aENGLISH _cInfo.Tech |
||
| 999 |
_c18533 _d18533 |
||